| 000 | 00950nam a2200265 i 4500 | ||
|---|---|---|---|
| 001 | 170572 | ||
| 003 | ES-MaACL | ||
| 005 | 20250901044924.0 | ||
| 008 | 090318s1989 fr |||| | fre d | ||
| 020 | _a2-02-010381-8 | ||
| 080 | _a929 Théroigne de Méricourt, Anne-Josèphe | ||
| 100 | 0 |
_aRoudinesco, Elisabeth. _9100012 |
|
| 245 | 1 | 0 |
_aThéroigne de Méricourt _b: une femme mélancolique sous la Révolution / _cElisabeth Roudinesco. |
| 260 |
_aParis : _bSeuil, _c1989. |
||
| 300 |
_a314, [2] p., [8] p. de lám. ; _c21 cm. |
||
| 490 | 1 |
_aFiction & cie ; _v105 |
|
| 500 | _aÍndices. | ||
| 504 | _aBibliografía. | ||
| 600 | 1 | 4 |
_aThéroigne de Méricourt, Anne-Josèphe. _9139647 |
| 650 | 0 | 4 |
_aFeminismo- _xHistoria _912748 |
| 650 | 0 | 4 |
_aFeminismo- _yS.XVIII _912750 |
| 830 | 0 |
_aFiction & cie ; _v105 _9188953 |
|
| 852 | 4 |
_aES-MaACL _jE-12521 _9R.140132 _z. - Biblioteca Jacinto Martínez Lacalle |
|
| 999 |
_c170572 _d170572 |
||